[Event "POL-chT13 DMP 2 liga corr"]
[Site "Poland"]
[Date "2000.??.??"]
[Round "?"]
[White "Wiesiolek, Jan"]
[Black "Dolinska, Urszula"]
[Result "1-0"]
[WhiteElo "1800"]
[BlackElo "1000"]
[PlyCount "27"]
[EventDate "2000.??.??"]
[EventType "team (corr)"]
[EventRounds "14"]
[EventCountry "POL"]
[SourceTitle "Corr 2004"]
[Source "ChessBase"]
[SourceDate "2003.04.28"]
[SourceVersion "3"]
[SourceVersionDate "2003.04.28"]
[SourceQuality "1"]

1. e4 c6 2. d4 d5 3. e5 Bf5 4. Nf3 e6 5. Be2 Nd7 6. 0-0 h6 7. Be3 Qb6 8. b3 c5 9. c4 0-0-0 10. cxd5 exd5 11. Nc3 Qe6 12. dxc5 Ne7 13. Nb5 Nc6 14. Nbd4 1-0